Return of the Creeps the singles

Αποθηκεύτηκε σε:
Λεπτομέρειες βιβλιογραφικής εγγραφής
Μορφή: CD Ηχητικό
Γλώσσα:English
Δημοσίευση: [Χ.τ.] : Creep Records,
Θέματα:
Ετικέτες: Προσθήκη ετικέτας
Δεν υπάρχουν, Καταχωρήστε ετικέτα πρώτοι!

MARC

LEADER 00000cjm a2200000 i 4500
001 1/57050
007 sd fs gn m ed
008 040609s gr eng d
028 0 1 |a FM 8226  |b Creep Records 
035 |l 10073705 
040 |a GR-MY-UA  |b gre  |e aacr 
041 0 |a eng 
082 0 |a 782.42166  |2 (22η εκδ.) 
245 1 0 |a Return of the Creeps  |h [ηχογράφηση] :  |b the singles 
260 |a [Χ.τ.] :   |b Creep Records,  
300 |a 1 δίσκος κόμπακτ;  |b ψηφιακός, στέρεο;  |c 4 3/4 ιν. 
500 |a Συνοδευτικό CD του περιοδικού Ήχος 
505 0 |a 1. Keimhlia/Metro Decay--2. Clown/Clown--3. Immitation of Real/Yell-O-Yell--4. Move/Villa 21--5. Voices/Headleaders--6. I wanna Know/The Reporters--7. White cells/Clown--8. Skies/Metro Decay--9. Crow's Complaint/Yello-O-Yell--10. My last chance/Villa 21--11. Central room/Art of Parties--12. Her ways are cold/Head leaders--13. Computer world/The Reporters--14. Last time/Art of Rarities--15. I'm living like a fool/Headleaders--16. I see No!/Villa 21--17. Shoot the truth/Yello-O-Yell 
508 |a Διάφοροι ερμηνευτές 
650 0 0 |a Alternative rock music  |z Greece. 
852 |a INST  |b LESVOS  |c AV  |e 20040609  |h 782.42166 RET  |p 005100028164  |q 005100028164  |t CD  |y 23 
901 |a BIBL1-2004-2 
909 |a Λ  |b 112010 
970 |a ΜΑΡΙΝΑΤΟΥ  |b ΜΥΡΣΙΝΗ  |z 2004/06/09